[Event "AUT-ch U18"]
[Site "St Veit"]
[Date "2017.04.09"]
[Round "2"]
[White "Walder, Elias"]
[Black "Lafer, David"]
[Result "1-0"]
[WhiteElo "1892"]
[BlackElo "1694"]
[PlyCount "65"]
[EventDate "2017.04.09"]
[EventType "swiss"]
[EventRounds "7"]
[EventCountry "AUT"]
[SourceTitle "CBM 178 Extra"]
[Source "ChessBase"]
[SourceDate "2017.06.22"]
[SourceVersion "1"]
[SourceVersionDate "2017.06.22"]
[SourceQuality "1"]

1. c4 e6 2. Nf3 d5 3. g3 Nf6 4. Bg2 dxc4 5. Qa4+ Nbd7 6. Qxc4 c5 7. d3 Be7 8. 0-0 0-0 9. b3 Nd5 10. Bb2 b6 11. Nbd2 Bb7 12. Rac1 Bf6 13. Qc2 Qe7 14. Nc4 Rac8 15. Rfd1 Rfd8 16. Qb1 h6 17. Nfd2 Bxb2 18. Qxb2 N7f6 19. Ne4 Nxe4 20. dxe4 Nb4 21. a3 Nc6 22. e5 Rxd1+ 23. Rxd1 Rd8 24. Rd6 Qc7 25. Qd2 Rxd6 26. Nxd6 Ba6 27. Ne8 Qc8 28. Nf6+ Kh8 29. Bxc6 gxf6 30. Qxh6+ Kg8 31. exf6 Qf8 32. Qg5+ Kh8 33. Be4 1-0

[Event "AUT-ch U12"]
[Site "Tschagguns"]
[Date "2012.05.26"]
[Round "2"]
[White "Wograndl, Lukas"]
[Black "Lafer, David"]
[Result "1/2-1/2"]
[WhiteElo "1520"]
[BlackElo "1450"]
[PlyCount "82"]
[EventDate "2012.05.26"]
[EventType "swiss"]
[EventRounds "7"]
[EventCountry "AUT"]
[SourceTitle "CBM 148 Extra"]
[Source "ChessBase"]
[SourceDate "2012.06.22"]
[SourceVersion "1"]
[SourceVersionDate "2012.06.22"]
[SourceQuality "1"]

1. e4 e6 2. d4 d5 3. e5 c5 4. c3 Nc6 5. Nf3 Bd7 6. a3 f6 7. exf6 Nxf6 8. Bf4 Qb6 9. b4 cxb4 10. axb4 Be7 11. Nbd2 0-0 12. Bg3 Rac8 13. Bd3 Nd8 14. Ra3 Nf7 15. 0-0 Nd6 16. Qc2 Nb5 17. Rb3 Nxd4 18. Nxd4 Ba4 19. Qb2 Bxb3 20. N2xb3 Bd6 21. Bxd6 Qxd6 22. h3 Nd7 23. Qc2 h6 24. Bg6 a6 25. Re1 e5 26. Nf5 Qf6 27. g3 e4 28. Nbd4 Ne5 29. Bh5 g6 30. Nxh6+ Kh7 31. Ng4 Nxg4 32. Bxg4 Rc4 33. Be6 Qxd4 34. cxd4 Rxc2 35. Bxd5 Rcxf2 36. Bxe4 Rb2 37. Bxb7 Rxb4 38. Re7+ Kh6 39. d5 Rb1+ 40. Kg2 Rb2+ 41. Kg1 Rb1+ 1/2-1/2